Perforovaná reklama

Vonkajšia reklama Dopravného podniku, a.s. Bratislava na cestovné lístky. Celková plocha využiteľná na umiestnenie reklamy. Zabezpečenie reklamy. Cieľová skupina kampane. Mediálna stratégia. Výhoda reklamy cestovných lístkov. Využitie cestovných lístkov na podnikovú reklamu. Štruktúra predaných časo...

Descrizione completa

Salvato in:
Dettagli Bibliografici
Autore principale: Dubová, Zuzana
Natura: Libro
Lingua:slovacco
Soggetti:
Tags: Aggiungi Tag
Nessun Tag, puoi essere il primo ad aggiungerne!!

MARC

LEADER 00000nam a2200000 4500
001 r030137
005 20230922094640.1
041 0 |a slo 
044 |a SK 
245 1 0 |a Perforovaná reklama  |c Zuzana Dubová 
520 |a Vonkajšia reklama Dopravného podniku, a.s. Bratislava na cestovné lístky. Celková plocha využiteľná na umiestnenie reklamy. Zabezpečenie reklamy. Cieľová skupina kampane. Mediálna stratégia. Výhoda reklamy cestovných lístkov. Využitie cestovných lístkov na podnikovú reklamu. Štruktúra predaných časových predplatných lístkov. 
610 2 0 |a reklama 
610 2 0 |a lístky cestovné 
610 2 0 |a predaj 
610 2 0 |a doprava 
610 2 0 |a propagácia 
610 2 0 |a Dopravný podnik, a.s. Bratislava 
100 1 |a Dubová, Zuzana